Statistics for Celtic FC Quiz

Click here to take the quiz!

General Stats

  • This quiz has been taken 1,786 times
    (1,063 since last reset)
  • The average score is 11 of 34

Answer Stats

HintAnswer% Correct
What year were Celtic FC created?1888
98%
What team did Celtic play in their first game?Rangers
81%
How many goals did Celtic score in their biggest ever win at Celtic Park?11
54%
How many goals did Celtic concede in their biggest loss at Celtic Park?8
54%
Who was Celtic's manager when they won the European Cup in 1967?Jock Stein
47%
What year did Celtic win their first ever league title?1893
44%
What year did Celtic FC play in the UEFA Cup Final?2003
43%
What year did Henrik Larsson sign for Celtic FC?1997
40%
What team did Celtic play in this game?Porto
40%
Which player scored Celtic's two goals in this game?Henrik Larsson
38%
Who scored the winning goal in the 1967 European Cup Final?Stevie Chalmers
38%
Who was Celtic's top all-time goalscorer with 538 goals?Jimmy McGrory
37%
What team did Celtic beat 2-1 in the Champions League on 7th November 2012?Barcelona
36%
How many years was Willie Maley Celtic boss for?42
35%
What year did Celtic start wearing the 'hoops"?1903
34%
Which manager guided Celtic to a historic 'Treble Treble'?Neil Lennon
33%
What year did Celtic win the Coronation Cup?1953
31%
What team did Celtic lose to in the 1970 European Cup Final?Feyenoord
31%
What year did Celtic's 9 in a row period end?1974
30%
Which team brought Celtic's record breaking 69 game unbeaten run to an end?Hearts
29%
What club did Celtic sign Moussa Dembele from?Fulham
28%
Who did Celtic sign Thomas Gravesen from?Real Madrid
28%
What team did they play in the final at Hampden?Hibernian
26%
What player broke Celtic's transfer record?Odsonne Edouard
26%
Which team did Celtic controversially lose to in the 1967 Intercontinental Cup?Racing Club
21%
What was the nickname of Fergus McCann?The Bunnet
20%
How many honours did Billy McNeil win as a player and manager at Celtic?31
18%
146,433 were packed into Hampden Park in 1937 to watch Celtic vs who?Aberdeen
18%
Who was his assistant manager vs Inter Milan?Sean Fallon
17%
Which famous Arsenal player played for the Hoops in 2011?Freddie Ljungberg
15%
Who scored the winning goal for Celtic vs Shakhtar Donetsk in November 2007?Massimo Donati
15%
Who has the worst win percentage of 35.29% as Celtic manager?Lou Macari
12%
What street were Celtic FC created on?Forbes Street
4%
What famous Celtic FC player was born in Clydebank, Glasgow?Patsy Gallacher
2%

Score Distribution

Percentile by Number Answered

Percent of People with Each Score

Your Score History

You have not taken this quiz since the last reset